000 00619npc a2200205Ia 4500
001 cee4-27536 [d000003147]
003 IT-MiCISF
008 161014s9999||||xx | und||
040 _aIT-MiCISF
_cIT-MiCISF
041 _ait
100 _aAA.VV.
245 0 _aPromozione del ruolo delle associazioni e delle fondazioni in Europa
250 _a1a ed.
260 _a Lussemburgo
_bComunità Europee
_c1997
300 _app. 79
500 _aCommissione Europea / associazionismo, terzo-settore, società, legislazione, comparazione /
650 _asocietà
942 _cDD
957 _71
999 _a27536
_bsi
_g1
_c208575
_d208575